Zdravotní vodohospodářské stavby : pro 3. ročník SOŠ stavebních /

Hlavní autor: Chejnovský, Pavel, 1947-
Jazyk: Čeština
Vydáno: Praha : Sobotáles, 2010
Vydání: Vyd. 1.
Témata:
Fyzický popis: 171 s., viii s. obr. příl. : il. (některé barev.) ; 30 cm
Knihy
Uloženo v:
LEADER 01985cam a2200505 a 4500
001 nkc20102129221
003 CZ PrNK
005 20130220120351.0
007 ta
008 100716s2010 xr af d p 000 0 cze d
015 |a cnb002129221 
020 |a 978-80-86817-40-8  |q (brož.) 
035 |a (OCoLC)798992143 
040 |a PNA001  |b cze  |d OLA001 
072 7 |a 628  |x Sanitární technika. Vodárenství. Odpadové hospodářství. Světelná technika  |2 Konspekt  |9 19 
072 7 |a 37.016  |x Učební osnovy. Vyučovací předměty. Učebnice  |2 Konspekt  |9 22 
080 |a 696.11  |2 MRF 
080 |a 628.1.033  |2 MRF 
080 |a 628.144  |2 MRF 
080 |a 696.13  |2 MRF 
080 |a 628.2  |2 MRF 
080 |a (075.3)  |2 MRF 
100 1 |a Chejnovský, Pavel,  |d 1947-  |7 mzk2009496131  |4 aut 
245 1 0 |a Zdravotní vodohospodářské stavby :  |b pro 3. ročník SOŠ stavebních /  |c Pavel Chejnovský 
250 |a Vyd. 1. 
260 |a Praha :  |b Sobotáles,  |c 2010 
300 |a 171 s., viii s. obr. příl. :  |b il. (některé barev.) ;  |c 30 cm 
504 |a Obsahuje bibliografii 
505 0 0 |t Vodárenství - vodovodní sítě --  |t Kanalizace - stokové sítě 
521 8 |a Kromě studentů SOŠ stavebních je učebnice určena i projektantům, stavebním technikům i dalším zájemcům o problematiku zdravotně vodohospodářských staveb 
650 0 7 |a vodovody  |7 ph127173  |2 czenas 
650 0 7 |a vodovodní sítě  |7 ph220689  |2 czenas 
650 0 7 |a kanalizace  |7 ph114860  |2 czenas 
650 0 7 |a stoky  |7 ph126111  |2 czenas 
650 0 9 |a water supply systems  |2 eczenas 
650 0 9 |a water supply networks  |2 eczenas 
650 0 9 |a sewerage  |2 eczenas 
650 0 9 |a sewers  |2 eczenas 
655 7 |a učebnice středních škol  |7 fd133771  |2 czenas 
655 9 |a textbooks (secondary)  |2 eczenas 
910 2 |a BOA001  |b 4-1300.173 
990 |a BK 
995 |a 01 
991 |b 201302  |c NOV  |e n 
996 6 |b 2610537975  |c 4-1300.173  |l MZK  |r Sklad / do 1 hodiny  |n 1  |p p.v.  |w 001312266  |u 000010  |a 1  |e BOA001  |j MZK50  |s P